Регионална библиотека "Любен Каравелов" - Русе

Писма (Запис номер 158100)

MARC детайли
000 -Лидер
Контролно поле с фиксирана дължина 01680nam a2200349 c 4500
003 - Код на организацията, давaща контролен номер
Контролно поле BLK
005 - Дата и час на последна редакция
Контролно поле 20250603155304.0
008 - Елементи от данни с фиксирана дължина
fixed length control field 180410b bul|||||r ||||||| ||bul||
010 ## - Наследен системен номер
LC control number KNG00165107000
040 ## - Източник на каталожния запис
Идентификатор на билиотеката - собственик на записа BLK
041 ## - Код за език
Код за езика на текст/звукозапис или на отделно заглавие Български
Код за езика КДБФ Български
080 ## - УДК
Текстов определител УДК Латинска (римска) литература
УДК код - определител по УДК 821.124
УДК определител -6
УДК - код + определител 821.124-6
100 1# - Редна дума - Автор
Автор Юлиан Отстъпник, имп. римски
Авторска отговорност първи автор
R(LIN) 381427
139 ## - Редно поле
Редна дума Юлиан Отстъпник, имп. римски
Авторски знак Юл - Ю 20
245 10 - Сведения за заглавието
Заглавие Писма
Редно поле (дума) имп. римски Юлиан Отстъпник; състав. и прев. Владимир Герчев Атанасов; с предг. от Богдан Иванов Богданов.
257 ## - Страна на издаване
Страна на създаване/издаване Древен Рим
260 ## - Област на издателските данни
-- София
Име на издателя, разпространителя и проч. Нар. култура
Година на издаване 1983
300 ## - Физическа характеристика
Страници 184 с.
Размери/Мащаб 29 см
380 ## - Жанр
Жанр Худож. лит.
490 1# - СЕРИИ (Колекции)
Име на серия Библиотека за антична литература Хермес
500 ## - Общи забележки
Забележка Прев. е направен от Oeuvres completes. T. I, P. II ; / Julien. - 50 125 тир. - Азб. показалец.
650 #4 - Допълнително описание по предмет – тема
Основно описание – тема или топоним Юлиан Отстъпник, имп. римски
9 (RLIN) 381427
653 ## - Ключова дума – ненормативна
Ключова дума писма
700 1# - Други автори (авторска отговорност)
Лично име Атанасов, Владимир Герчев
Автороска отговорност (Описва отношението между автора и произведението) състав. и прев.
9 (RLIN) 379943
700 ## - Други автори (авторска отговорност)
Лично име Богданов, Богдан Иванов
Дати, свързани с автора 1940 - 2016
Друга информация Филолог. Преводач от старогръцки език.
9 (RLIN) 363777
852 ## - Местоположение
Форматна сигнатура Цб 123507
856 4# - Електронен адрес и достъп
Електронен формат pdf - файл
Път до файла /url/
856 4# - Електронен адрес и достъп
Електронен формат pdf - файл
Път до файла /url/
942 ## - АРТИКУЛИ
Вид на библиотечния материал Книги
Скрит в OPAC Не
Koha issues (borrowed), all copies 1
944 ## - СЪЗДАВАНЕ И РЕДАКЦИЯ на ЗАПИСА
Създаване/Редакция Създаване
Дата на регистрацията/редакция 23.09.2014
Статус, дата на статуса Геновева Генчева
Служител, извършил регистрацията/редакцията 30560
944 ## - СЪЗДАВАНЕ И РЕДАКЦИЯ на ЗАПИСА
Създаване/Редакция Редакция
Дата на регистрацията/редакция 23.02.2018
Статус, дата на статуса ф /
Служител, извършил регистрацията/редакцията Теодора_Стоянова
999 ## - СИСТЕМНИ КОНТРОЛНИ НОМЕРА
Koha biblionumber 158100
Koha biblioitemnumber 158100
Наличности
Код за отписване Код за изгубен артикул Източник на класификационната схема Код за повреда Коз за рестрикции Код за отдаване Артикулен № Име на библиотеката - собственик Име на библиотеката, в която се намира в момента Статус (Текущо местоположение) Дата на вписване в системата Местоположение - отдел Цена в лева Инвентарен номер Систематично азбучна сигнатура Баркод Номер на екземпляра Цена в евро Служебна бележка Служебен тип на артикула
  Не е изгубен Universal Decimal Classification Не е повреден без рестрикции ползва се в читалня 264595 Регионална библиотека "Любен Каравелов" Русе Регионална библиотека "Любен Каравелов" Русе Хранилище 1983-01-01 Хранилище 0.96 385893 Цб 123507 900000011449 1 0.49 Дост: Dp Вид: Д N: стар фонд Дата: 01.01.1983 Книги
  Не е изгубен   Не е повреден без рестрикции заемане за дома 264596 Регионална библиотека "Любен Каравелов" Русе Регионална библиотека "Любен Каравелов" Русе Заемна - подръчен фонд 2016-11-01 Заемна - подръчен фонд 0.96 120000805296 П 871-6/Ю 20 120000805296 2 0.49 Дост: DA Вид: А N: 38 Дата: 01.11.2016 Дата инв: 09.02.2018 Бележки инв: П2018 Книги
  Не е изгубен   Не е повреден без рестрикции заемане за дома 264597 Регионална библиотека "Любен Каравелов" Русе Регионална библиотека "Любен Каравелов" Русе Заемна - подръчен фонд 2016-11-01 Заемна - подръчен фонд 0.96 120000781003 Цб 123507 120000781003 3 0.49 Дост: DA Вид: А N: 38 Дата: 01.11.2016 Дата инв: 26.02.2018 Бележки инв: П2018 Книги
Vip Innovations Ltd, Rousse, Bulgaria 2025